Rose e cenere /

Uloženo v:
Podrobná bibliografie
Hlavní autor: Purdy, James (Autor)
Další autoři: Veraldi, Attilio
Médium: Kniha
Jazyk:italština
Vydáno: Torino : Einaudi, [1970]
Tagy: Přidat tag
Žádné tagy, Buďte první, kdo vytvoří štítek k tomuto záznamu!

MARC

LEADER 00000nam a22000007i 4500
001 IT\ICCU\RAV\0055636
003 ItRI
005 20250311221328.0
008 890719s1970 it |||||| ||||| |||||c
040 |b ita  |c ARCIGAY RIMINI 
041 7 |a ita  |2 ISO-639-2 
100 1 |a Purdy, James  |0 IT\ICCU\RAVV\027033  |4 aut 
240 1 0 |a Eustace Chisholm and the works. -  |9 Purdy, James 
245 1 0 |a Rose e cenere /  |c James Purdy ; traduzione di Attilio Veraldi. 
260 |a Torino :  |b Einaudi,  |c [1970] 
300 |a 278 p. ;  |c 23 cm 
700 1 |a Veraldi, Attilio  |0 IT\ICCU\CFIV\046171 
942 |2 ddc  |c BK 
952 |0 0  |1 0  |2 ddc  |4 0  |6 813_540000000000000_PUR_ROS  |7 1  |9 3644  |a RN  |b RN  |d 2025-03-11  |l 0  |o 813.54 PUR ROS  |p 10903  |r 2025-03-11 22:13:59  |w 2025-03-11  |x DONAZIONE DI GIOVANNI RIMONDINI  |y BK  |z DONAZIONE DI GIOVANNI RIMONDINI 
981 1 |6 z01  |a i   |b xxxe  
982 1 |6 z01  |a n 
999 |c 2837  |d 2837